Administración (Registro nro. 2280)

Detalles MARC
000 -LEADER
fixed length control field 02118 a2200241 4500
001 - CONTROL NUMBER
control field 32458
005 - DATE AND TIME OF LATEST TRANSACTION
control field 20260407155623.0
008 - FIXED-LENGTH DATA ELEMENTS--GENERAL INFORMATION
fixed length control field 260407a1990 arg spa d
003 - CONTROL NUMBER IDENTIFIER
control field AR-UNSa-BCEJYS
040 ## - CATALOGING SOURCE
Original cataloging agency AR-UNSa-BCEJYS
Language of cataloging spa
Transcribing agency AR-UNSa-BCEJYS
080 ## - UNIVERSAL DECIMAL CLASSIFICATION NUMBER
Universal Decimal Classification number 658
Common auxiliary subdivision Administración de empresas. Organización comercial
100 1# - MAIN ENTRY--PERSONAL NAME
Personal name Koontz, Harold
245 10 - TITLE STATEMENT
Title Administración
250 ## - EDITION STATEMENT
Edition statement 8a. ed
264 #1 - PRODUCTION, PUBLICATION, DISTRIBUTION, MANUFACTURE, AND COPYRIGHT NOTICE
Place of production, publication, distribution, manufacture México :
Name of producer, publisher, distributor, manufacturer Libros McGraw-Hill
Date of production, publication, distribution, manufacture, or copyright notice 1990
300 ## - PHYSICAL DESCRIPTION
Extent 772 p.
Dimensions 23 cm.
505 ## - FORMATTED CONTENTS NOTE
Formatted contents note I. El fundamento de la teoría y de la ciencia de la administración: 1. Administración: Ciencia, teoría y práctica - 2. La evolución del pensamiento administrativo y los patrones de análisis de la adminstración - II. Planeación: 3. La naturaleza y el propósito de la planeación - 4. Objetivos - 5. Estrategias, políticas y premisas de la planeación - 6. Toma de decisiones - III. Organización: 7. Naturaleza y propósito de la organización - 8. Departamentalización básica - 9. Autoridad de líneas/staff y descentralización - 10. Comités y grupos en la toma de decisiones - 11. Organización eficaz y cultura organizacional - IV: Integración de personal: 12. La naturaleza y el propósito de la integración del personal - 13. Selección: Encontrar la persona idónea para el puesto - 14. Evaluación del desempeño y estrategias del desarrollo profesional - 15. Desarrollo de los gerentes y de la organización - V: Dirección: 16. Adminstración y el factor humano - 17. Motivación - 18. Liderazgo - 19. Comunicación - VI: Control : 20. El sistema y proceso de control - 21. Técnicas de control y tecnología de la información - 22. Productividad y administración de operaciones - 23. Control general y preventivo - VII. Retos en el medio interno y en el internacional: 24. Administración y sociedad: el medio externo, responsabilidad social y ética - 25. administración comparativa e internacional
590 ## - LOCAL NOTE (RLIN)
Local note niveau_biblio:m niveau_hierar:0
700 1# - ADDED ENTRY--PERSONAL NAME
Personal name Weihrich, Heinz
700 1# - ADDED ENTRY--PERSONAL NAME
Personal name Malfavón Martínez, Marco Antonio
700 1# - ADDED ENTRY--PERSONAL NAME
Personal name Salazar Palacios, José Manuel
942 ## - ADDED ENTRY ELEMENTS (KOHA)
Koha item type
Existencias
Withdrawn status Lost status Damaged status Not for loan Home library Current library Shelving location Date acquired Total checkouts Full call number Barcode Date last seen Price effective from Koha item type
        Biblioteca Prof. Eusebio Cleto del Rey Biblioteca Prof. Eusebio Cleto del Rey   07/04/2026   658 K75 9ed. L53665 07/04/2026 07/04/2026 Libro
        Biblioteca Prof. Eusebio Cleto del Rey Biblioteca Prof. Eusebio Cleto del Rey   07/04/2026   658 K75 9ed. L53663 07/04/2026 07/04/2026 Libro
        Biblioteca Prof. Eusebio Cleto del Rey Biblioteca Prof. Eusebio Cleto del Rey   07/04/2026   658 K75 9ed. L53664 07/04/2026 07/04/2026 Libro
        Biblioteca Prof. Eusebio Cleto del Rey Biblioteca Prof. Eusebio Cleto del Rey   07/04/2026   658 K75 9ed. L53667 07/04/2026 07/04/2026 Libro
        Biblioteca Prof. Eusebio Cleto del Rey Biblioteca Prof. Eusebio Cleto del Rey   07/04/2026   658 K75 9ed. L58760 07/04/2026 07/04/2026 Libro
        Biblioteca Prof. Eusebio Cleto del Rey Biblioteca Prof. Eusebio Cleto del Rey   07/04/2026   658 K75 9ed. L58759 07/04/2026 07/04/2026 Libro
        Biblioteca Prof. Eusebio Cleto del Rey Biblioteca Prof. Eusebio Cleto del Rey   07/04/2026   658 K75 9ed. L53666 07/04/2026 07/04/2026 Libro
        Biblioteca Prof. Eusebio Cleto del Rey Biblioteca Prof. Eusebio Cleto del Rey   07/04/2026   658 K75 9ed. L53668 07/04/2026 07/04/2026 Libro
        Biblioteca Prof. Eusebio Cleto del Rey Biblioteca Prof. Eusebio Cleto del Rey   07/04/2026   658 K75 9ed. L22912 07/04/2026 07/04/2026 Libro